La théologie allemande contemporaine avec une lettre-preface a la jeunesse theologique des pays de langue française / (Record no. 26399)

MARC details
000 -LEADER
campo de control de longitud fija 00498nam a2200145 i 4500
001 - NÚMERO DE CONTROL
campo de control 26399
003 - IDENTIFICADOR DE NÚMERO DE CONTROL
campo de control ES-MaACL
007 - CAMPO FIJO DE DESCRIPCIÓN FÍSICA--INFORMACIÓN GENERAL
campo de control de longitud fija t|
008 - DATOS DE LONGITUD FIJA--INFORMACIÓN GENERAL
campo de control de longitud fija 030109s1874 sz ||||1| fre d
100 1# - ENTRADA PRINCIPAL--NOMBRE DE PERSONA
Nombre de persona Astié, J. J.
9 (RLIN) 23673
245 13 - MENCIÓN DEL TÍTULO
Título La théologie allemande contemporaine avec une lettre-preface a la jeunesse theologique des pays de langue française /
Mención de responsabilidad, etc. par J. J. Astié.
260 ## - PUBLICACIÓN, DISTRIBUCIÓN, ETC.
Lugar de publicación, distribución, etc. Gèneve :
Nombre del editor, distribuidor, etc. [s.n.,
Fecha de publicación, distribución, etc. 1874] (
Lugar de fabricación/manufactura Lausanne :
Fabricante Georges Bridel)
300 ## - DESCRIPCIÓN FÍSICA
Extensión 259 p. ;
Dimensiones 21 cm.
852 ## - LOCALIZACIÓN
Ubicación ES-MaACL
Número de control de estantería G-12106
Holdings
Estatus retirado Estado de pérdida Estado de daño No para préstamo Colección Biblioteca de origen Biblioteca actual Ubicación en estantería Fecha de adquisición Fuente de adquisición Total de préstamos Signatura topográfica completa Código de barras Visto por última vez Precio de reemplazo Tipo de ítem Koha
        Libros del s. XIX Biblioteca del Ateneo de Madrid Biblioteca del Ateneo de Madrid Sala Pecera Planta 3 17/01/2008     G-12106 1027247 23/02/2023 23/02/2023 Libro impreso antiguo